000 00706nam a22001937a 4500
005 20260203182349.0
082 _a621 FAI
100 _a Faisal M H
_91239
100 _aJeevan Ealias
_91240
100 _aRafeek Sidhic
_91241
245 _aIntroduction to Mechanical Engineering and Civil Engineering Part 1: Mechanical Engineering_Group C
250 _a1
260 _aIlahia Publishers
_bMuvattupuzha
_c2024
300 _a144 pages
_bItem Weight ‏ : ‎ 300 g Dimensions ‏ : ‎ 21.5 x 14 x 0.9 cm
520 _aIntroduction to Mechanical Engineering and Civil Engineering (Mechanical Engineering) (KTU - 2024 Revised Syllabus)
546 _aLanguage : English
650 _aME
_970
942 _cBK
999 _c38180
_d38180